Aul and the crucified Christ in Antioch : Maccabean martyrdom and Galatians 1 and 2 (Record no. 375680)

MARC details
000 -LEADER
fixed length control field 00744nam a2200217Ia 4500
008 - FIXED-LENGTH DATA ELEMENTS--GENERAL INFORMATION
fixed length control field 191130s2001##################000#0#eng##
020 ## - INTERNATIONAL STANDARD BOOK NUMBER
ISBN 9780521662017
082 ## - DEWEY DECIMAL CLASSIFICATION NUMBER
Classification number 227.406 MAR
100 ## - MAIN ENTRY--AUTHOR NAME
Personal name Cummins, Stephen Anthony
245 ## - TITLE STATEMENT
Title Aul and the crucified Christ in Antioch : Maccabean martyrdom and Galatians 1 and 2
Statement of responsibility, etc Stephen Anthony Cummins
260 ## - PUBLICATION, DISTRIBUTION, ETC. (IMPRINT)
Place of publication Cambridge
Name of publisher Cambridge Univeristy Press
Year of publication 2001
300 ## - PHYSICAL DESCRIPTION
Number of Pages xviii, 287 p. ; 22 cm
500 ## - GENERAL NOTE
General note Includes bibliographical references (p. 233-259) and indexes
650 ## - SUBJECT ADDED ENTRY--TOPICAL TERM
Topical Term Bible. N.T. Galatians I-II - Theology
Topical Term Maccabees
Topical Term Martyrdom - Judaism
991 ## -
-- 90785
Holdings
Withdrawn status Lost status Damaged status Not for loan Home library Current library Shelving location Date acquired Full call number Accession Number Price effective from Koha item type
        Anna Centenary Library Anna Centenary Library 3RD FLOOR, B WING 17.10.2020 227.406 MAR 245816 17.10.2020 English Books

Find us on the map